Noite na taverna e Lira dos vinte anos (Record no. 64194)

MARC details
000 -LÍDER
campo de controle de tamanho fixo 00353 a2200145 4500
001 - NÚMERO DE CONTROLE
campo de controle 64194
040 ## - FONTE DA CATALOGAÇÃO
Instituição que transcreveu o registro Anchieta - Pituba
100 ## - ENTRADA PRINCIPAL--NOME PESSOAL
Nome pessoal Azevedo, Álvares de
240 10 - TÍTULO UNIFORME
Título uniforme Noite na taverna e Lira dos vinte anos
Idioma da obra por
245 10 - TÍTULO
Título Noite na taverna e Lira dos vinte anos
300 ## - DESCRIÇÃO FÍSICA
Extensão 318
362 0# - DATAS DE PUBLICAÇÃO E/OU DESIGNAÇÃO SEQUENCIAL
Datas de publicação e/ou designação sequencial 20
650 #4 - ASSUNTO--TERMO TÓPICO
Cabeçalho tópico ou nome geográfico Ficção brasileira
942 ## - ELEMENTOS DE ENTRADA ADICIONADOS (KOHA)
Tipo de material Koha Livros
Holdings
Situação do descarte Situação das perdas Situação física Não pode ser emprestado Biblioteca de origem Biblioteca atual Data de aquisição Total de empréstimos Número de chamada completo Código de barras Data de último acesso Data do preço efetivo Tipo de material Koha
        Colégio Anchieta - Pituba Colégio Anchieta - Pituba 21/11/2023   869.93 A994noi AZE NOI 17887/PIT 21/11/2023 21/11/2023 Livros